Introducción a la filosofía política (Registro nro. 6972)

Detalles MARC
000 -LEADER
fixed length control field 01214 a2200217 4500
001 - CONTROL NUMBER
control field 60404
005 - DATE AND TIME OF LATEST TRANSACTION
control field 20260407155855.0
008 - FIXED-LENGTH DATA ELEMENTS--GENERAL INFORMATION
fixed length control field 260407a1999 arg spa d
003 - CONTROL NUMBER IDENTIFIER
control field AR-UNSa-BCEJYS
040 ## - CATALOGING SOURCE
Original cataloging agency AR-UNSa-BCEJYS
Language of cataloging spa
Transcribing agency AR-UNSa-BCEJYS
080 ## - UNIVERSAL DECIMAL CLASSIFICATION NUMBER
Universal Decimal Classification number 321.01
Common auxiliary subdivision Teoría general del Estado. Teoría y filosofía del poder. Estado y territorio. Autoridad y oposición. Usurpación (Filosofía política)
020 ## - INTERNATIONAL STANDARD BOOK NUMBER
International Standard Book Number 978-84-493-0679-2
041 ## - LANGUAGE CODE
Language code of text/sound track or separate title spa
100 1# - MAIN ENTRY--PERSONAL NAME
Personal name Aron, Raymond
245 10 - TITLE STATEMENT
Title Introducción a la filosofía política
Name of part/section of a work Democracia y revolucíón
264 #1 - PRODUCTION, PUBLICATION, DISTRIBUTION, MANUFACTURE, AND COPYRIGHT NOTICE
Place of production, publication, distribution, manufacture Barcelona :
Name of producer, publisher, distributor, manufacturer Paidós
Date of production, publication, distribution, manufacture, or copyright notice 1999
300 ## - PHYSICAL DESCRIPTION
Extent 286 p.
Dimensions 20 cm.
505 ## - FORMATTED CONTENTS NOTE
Formatted contents note 1. Tentativa de definición de la democracia - 2. Ideas y realidades democráticas – 3. La inestabilidad de las democracias. Sus causas – 4. Corrupción de las democracias – 5. La acción propia del sistema de competición – 6. Los méritos y los inconvenientes del sistema democrático – 7. Las ideas fundamentales de la doctrina marxista – 8. La transformación del marxismo en milenarismo – 9. Las instituciones de las democracias populares – 10. Democracia y revolución -
590 ## - LOCAL NOTE (RLIN)
Local note niveau_biblio:m niveau_hierar:0
942 ## - ADDED ENTRY ELEMENTS (KOHA)
Koha item type
Existencias
Withdrawn status Lost status Damaged status Not for loan Home library Current library Shelving location Date acquired Total checkouts Full call number Barcode Date last seen Price effective from Koha item type Public note
        Biblioteca Prof. Eusebio Cleto del Rey Biblioteca Prof. Eusebio Cleto del Rey   07/04/2026   321.01 A769 L129159 07/04/2026 07/04/2026 Libro RESALTADOR - LÁPIZ -